| 000 | 00938nam a2200277 u 4500 | ||
|---|---|---|---|
| 001 | 000046601 | ||
| 005 | 20250911101057.0 | ||
| 008 | 170125s2006 mx r 001 0 eng d | ||
| 020 | _a9707707321 | ||
| 040 |
_aDO-SdBNP _Bspa _cBNPHU |
||
| 082 |
_a337 _bS855c |
||
| 100 | 1 |
_aStiglitz, Joseph E. _d1943- _974581 |
|
| 240 | 1 | 0 |
_aMaking globalization work _lEspañol |
| 245 | 1 | 0 |
_aCómo hacer que funcione la globalización / _cJoseph E. Stiglitz ; traducción de Amado Diéguez y Paloma Gómez Crespo. |
| 260 |
_aMéxico : _bTaurus, _c2006. |
||
| 300 |
_a433 p. ; : _bil. ; _c26 cm. |
||
| 490 | 1 | _aPensamiento | |
| 500 | _aIncluye índice | ||
| 500 | _aIncluye datos biográficos del autor en la solapa de la cubierta | ||
| 650 | 0 |
_aGlobalización _91524 |
|
| 650 | 0 |
_a _974582 |
|
| 700 | 1 | 2 |
_aDiéguez, Amado _etr. _974583 |
| 700 | 1 | 2 |
_aGómez Crespo, Paloma _etr. _974584 |
| 830 | 0 |
_aPensamiento _99245 |
|
| 830 | 0 |
_aPensamiento _99245 |
|
| 999 |
_c46090 _d46090 |
||